Structural design optimization / (Record no. 132045)
[ view plain ]
| 000 -LEADER | |
|---|---|
| fixed length control field | 00770nam a22002417a 4500 |
| 005 - DATE AND TIME OF LATEST TRANSACTION | |
| control field | 20170124110147.0 |
| 010 ## - LIBRARY OF CONGRESS CONTROL NUMBER | |
| LC control number | A-896413 |
| 020 ## - INTERNATIONAL STANDARD BOOK NUMBER | |
| Terms of availability | 175.00 |
| International Standard Book Number | 8185938857 |
| 035 ## - SYSTEM CONTROL NUMBER | |
| System control number | A-896413 |
| 037 ## - SOURCE OF ACQUISITION | |
| Source of stock number/acquisition | Cen Lib/Ret |
| 040 ## - CATALOGING SOURCE | |
| Original cataloging agency | DPL |
| Language of cataloging | EN |
| 082 ## - DEWEY DECIMAL CLASSIFICATION NUMBER | |
| Classification number | 624.1771 |
| Item number | IYE |
| 100 ## - MAIN ENTRY--PERSONAL NAME | |
| Personal name | Iyenger, N.G.R. |
| 9 (RLIN) | 33553 |
| 245 ## - TITLE STATEMENT | |
| Title | Structural design optimization / |
| Statement of responsibility, etc | by N. G. R.Iyenger [and] S.K.Gupta |
| 260 ## - PUBLICATION, DISTRIBUTION, ETC. (IMPRINT) | |
| Name of publisher, distributor, etc | Affiliated East-West Press |
| Place of publication, distribution, etc | New Delhi |
| Date of publication, distribution, etc | 1997 |
| 270 ## - ADDRESS | |
| Address | 104, Nirmal Tower, 26 Barakhamba Raod |
| City | New Delhi |
| Postal code | 110001 |
| 300 ## - PHYSICAL DESCRIPTION | |
| Extent | xiv,229p. : |
| Dimensions | 23cm(Hb) |
| Other physical details | ill. |
| 500 ## - GENERAL NOTE | |
| General note | Includes index |
| 650 ## - SUBJECT ADDED ENTRY--TOPICAL TERM | |
| Topical term or geographic name as entry element | Mathematical optimization |
| 9 (RLIN) | 33554 |
| 650 ## - SUBJECT ADDED ENTRY--TOPICAL TERM | |
| Topical term or geographic name as entry element | Structural design |
| 9 (RLIN) | 33555 |
| 700 ## - ADDED ENTRY--PERSONAL NAME | |
| Personal name | Gupta, S.K. |
| 9 (RLIN) | 20336 |
| 942 ## - ADDED ENTRY ELEMENTS (KOHA) | |
| Source of classification or shelving scheme | Dewey Decimal Classification |
| Koha item type | English Books |
| Classification part | 624.1771 |
| Call number suffix | IYE |
| Withdrawn status | Lost status | Damaged status | Not for loan | Home library | Current library | Date acquired | Source of acquisition | Cost, normal purchase price | Total Checkouts | Full call number | Barcode | Date last seen | Copy number | Cost, replacement price | Price effective from | Koha item type | Public note |
|---|---|---|---|---|---|---|---|---|---|---|---|---|---|---|---|---|---|
| Written off | Central Library | Central Library | 16/07/2015 | Cen Lib/Ret | 175.00 | 624.1771 IYE | A-896413 | 16/07/2015 | 1 | 175.00 | 16/07/2015 | English Books | W/d List No. 6874/18 ; dtd 20/08/2020 |
